000 00549nam a2200181Ia 4500
003 GCL
008 140319s9999 xx 000 0 ara d
040 _aGCL /
_cGCL
082 0 4 _a895.639
_bى ض
100 1 _aصبحى حديدى
245 1 0 _aضجيج الجبل راوية يابانية /
_cصبحى حديدى
700 1 _aياسوتارى كلوابات
260 _a[S.N] :
_bدار التنوير للطباعة والنشر ،
_c1983
300 _a240 ص
490 _a
650 0 4 _aالقصص اليابانية
942 _2ddc
_cBK
999 _c33140
_d33140